| 000 | 01189nac a22002531u 4500 | ||
|---|---|---|---|
| 010 | _a 85214800 | ||
| 020 | _a0903608901 : | ||
| 082 | 0 | 0 |
_a621.86 _bHOL |
| 090 |
_c5712 _d5712 |
||
| 100 | _aHollier, Prof.R.H [ed. | ||
| 111 | 2 |
_aInternational Conference on Automated Materials Handling _d1985 : _cBirmingham, England) |
|
| 245 | 1 | 0 |
_aAutomated materials handling : _bproceedings of the 2nd international conference : 15-17 May 1985, Birmingham, UK / _cedited by R.H. Hollier. |
| 260 |
_aKempston, Bedford, England : _bIFS Publications ; _aNew York, NY : _bElsevier Science Pub. Co.,c1985. _cc1985. |
||
| 300 |
_aviii, 282 p. : _bill. ; _c31 cm. |
||
| 500 | _a"Organised and sponsored by IFS (Conferences) Ltd." | ||
| 500 | _aCover title: Proceedings of the 2nd International Conference on Automated Materials Handling. | ||
| 500 | _aIncludes index. | ||
| 500 | _aDistributer : Al-Ahram. | ||
| 511 | _aCatalogued By : mahitab. | ||
| 650 | 0 |
_aMaterials handling _xAutomation _xCongresses. |
|
| 710 | 2 | _aIFS (Conferences) Ltd. | |
| 740 | 0 | _aProceedings of the 2nd International Conference on Automated Materials Handling. | |
| 942 |
_cBB _k621.86HOL |
||
| 999 |
_c5712 _d5712 |
||